000 00363 a2200169 4500
001 62631
020 _a9788516071417
040 _cAnchieta - Pituba
100 _aFigueiredo, Laura
240 1 0 _aSingular & Plural
_lpor
245 1 0 _aSingular & Plural
300 _a288
362 0 _a2012
440 1 _aModerna
650 4 _aLĂ­ngua Portuguesa
942 _cBK
999 _c62631
_d62631